| 000 | 00532cam a22002171 4500 | ||
|---|---|---|---|
| 001 | sa 68015562 | ||
| 003 | DLC | ||
| 005 | 20260227112644.0 | ||
| 008 | 890724s1964 ce a 000 0 sino | ||
| 010 | _asa 68015562 | ||
| 035 | _a(OCoLC)20059592 | ||
| 040 |
_aDLC _cWaU _dDLC |
||
| 042 | _apremarc | ||
| 050 | 0 | 0 |
_aCC80 _b.V54 |
| 100 | 1 | _aVimalananda, Tennakoon. | |
| 245 | 1 | 0 | _aPurāvidyāva hā itihāsaya. |
| 260 | _c[1964] | ||
| 300 |
_avii, 95, v p. _bill. _c19 cm. |
||
| 500 | _aIn Sinhalese. | ||
| 650 | 0 | _aArchaeology. | |
| 999 |
_c86520 _d86520 |
||